Bruxelles (Record no. 125530)

MARC details
000 -LEADER
campo de control de longitud fija 00907nam a2200253 i 4500
001 - NÚMERO DE CONTROL
campo de control 125530
003 - IDENTIFICADOR DE NÚMERO DE CONTROL
campo de control ES-MaACL
005 - FECHA Y HORA DE LA ÚLTIMA TRANSACCIÓN
campo de control 20230906192640.0
007 - CAMPO FIJO DE DESCRIPCIÓN FÍSICA--INFORMACIÓN GENERAL
campo de control de longitud fija t|
008 - DATOS DE LONGITUD FIJA--INFORMACIÓN GENERAL
campo de control de longitud fija 070618s1990 be ||||1| fre d
080 ## - NÚMERO DE LA CLASIFICACIÓN DECIMAL UNIVERSAL
Número de la Clasificación Decimal Universal 913(493.21 B.)(036)
245 00 - MENCIÓN DEL TÍTULO
Título Bruxelles
Resto del título : XIXème & art nouveau /
Mención de responsabilidad, etc. sous la direction de Pierre Loze , avec la collaboration de Dominique Vautier , Marina Festre ; et la contribution de Didier Collard ... [et. al.].
250 ## - MENCION DE EDICION
Mención de edición 2e éd.
260 ## - PUBLICACIÓN, DISTRIBUCIÓN, ETC.
Lugar de publicación, distribución, etc. Bruxelles :
Nombre del editor, distribuidor, etc. Eiffel editions :
-- C.F.C Editions,
Fecha de publicación, distribución, etc. [1990]
300 ## - DESCRIPCIÓN FÍSICA
Extensión 290 p. ;
Dimensiones 25 cm.
500 ## - NOTA GENERAL
Nota general Biblioteca Jacinto Martínez Lacalle.
650 #4 - PUNTO DE ACCESO ADICIONAL DE MATERIA--TÉRMINO DE MATERIA
Término de materia o nombre geográfico como elemento de entrada Bruselas-
Subdivisión de forma Guías turísticas.
9 (RLIN) 219167
700 1# - ENTRADA AGREGADA--NOMBRE PERSONAL
Nombre de persona Loze, Pierre.
9 (RLIN) 74477
700 1# - ENTRADA AGREGADA--NOMBRE PERSONAL
Nombre de persona Vautier, Dominique.
9 (RLIN) 219170
700 1# - ENTRADA AGREGADA--NOMBRE PERSONAL
Nombre de persona Festre, Marina.
9 (RLIN) 50627
700 1# - ENTRADA AGREGADA--NOMBRE PERSONAL
Nombre de persona Collard, Didier.
9 (RLIN) 39675
852 ## - LOCALIZACIÓN
Ubicación ES-MaACL
Número de control de estantería E-11701
Sublocalización o colección R.139725
Holdings
Estatus retirado Estado de pérdida Estado de daño No para préstamo Biblioteca de origen Biblioteca actual Ubicación en estantería Fecha de adquisición Fuente de adquisición Total de préstamos Signatura topográfica completa Código de barras Visto por última vez Precio de reemplazo Tipo de ítem Koha
        Biblioteca del Ateneo de Madrid Biblioteca del Ateneo de Madrid Depósito 2 17/01/2008     E-11701 1130769 23/02/2023 23/02/2023 Libro impreso